iQOSの「TEREA」フレーバー - Statistics

General Stats
  • This quiz has been taken 34 times
  • The average score is 10 of 21
Answer Stats
説明 Answer % Correct
濃厚で豊かな味わい レギュラー
88%
強冷・強メンソール ブラック・メンソール
88%
深みのある爽快感 メンソール
85%
バランスのとれた爽やかな味わい ミント
85%
深みのある強い味わい リッチ・レギュラー
65%
弾ける、トロピカルでジューシーな香り オアシス・パール
65%
弾ける、みずみずしく爽やかな香り サン・パール
58%
柑橘系の爽快感 イエロー・メンソール
54%
エキゾチックな爽快感 トロピカル・メンソール
54%
深みのある豊かな味わい スムース・レギュラー
50%
芳醇な香りと艶やかな爽快感 パープル・メンソール
50%
強メンソールとダークベリーの香り ブラック・パープル・メンソール
42%
レギュラーに濃厚なベリーの香り ルビー・レギュラー
38%
強冷メンソールと弾けるシトラスの爽快感 ブラック・イエロー・メンソール
38%
3種フレーバーと爽快メンソール フュージョン・メンソール
31%
強冷メンソールと際立つベリーの香り ブラック・ルビー・メンソール
27%
まろやかさとシャープな味わい バランスド・レギュラー
23%
ウッディな香り、まろやかな味わい ウォーム・レギュラー
23%
グリーンフルーツの爽快感 ブライト・メンソール
19%
深みとコクと、スパイスの香り ボールド・レギュラー
8%
強冷メンソールと南国フルーツの香り ブラック・トロピカル・メンソール
8%
No matching quizzes found
Score Distribution
Percent of People with Each Score
Percentile by Number Answered
Your Score History
You have not taken this quiz